01063nas a2200253Ia 4500001001100000003000900011008004100020040001300061040001300074041001300087100003800100210001000138222001000148245011400158250001100272260004100283501008600324300001800410362003300428500026000461650003900721700002000760700002900780R455/G6829IT-RoPAU151124c99999999xx |||||||||||| ||und|| aIT-RoPAU cIT-RoPAU aITALIANO aAA.VV. gCodice Aut. SPICS: 12000 aJESUS aJesus aJESUS, ANNO 23-N.04 (APRILE 2001)bOltre la Maschera Del Folclore: Riti E Miti Popolari Della Settimana Santa a1a ed. aALBA (CN)bPERIODICI SAN PAOLOc2001 bPaulus - SPICS - Società San Paolo EM (non-commercial uses only)cCopyright2015 a15 p. [47-61] aANNO 023, N.04 (APRILE 2001) aAccanto Alle Sobrie Celebrazioni Liturgiche della Pasqua, nel Mondo Cattolico, in Italia e All'Estero, Si sono Sviluppate Decine di Manifestazioni Paraliturgiche, Spesso Assai Cruente e Discusse: che Senso Hanno Oggi? Passione e Sentimento di P. Giannoni. aPASTORALEvPUBBLICAZIONE PERIODICA aFerro' Giovanni gCodice Aut. SPICS: 51323